000 01279nam a2200373Ic 4500
001 60014
003 CO-BoRNBP
005 20251114202300.0
007 ta
008 180109s2010 sp g 000 0 spa
020 _a9788497290258
040 _aCO-BoRNBP
_bspa
_erda
_cCO-BoRNBP
041 _aspa
082 0 4 _a796
_bF31
245 0 0 _aFichero juegos al aire libre /
_cJuan José Campo... [ y cinco autores más ] ; ilustraciones de Jesús Eduardo Santamaría.
250 _aPrimera edición
264 1 _aBarcelona, España :
_bInde Publicaciones,
_c2010
300 _a89 páginas :
_bilustraciones en blanco y negro
336 _atexto
_btxt
_2rdacontent
337 _asin mediación
_bn
_2rdamedia
338 _avolumen
_bnc
_2rdacarrier
490 0 _aColección ficheros de juegos y actividades
650 0 0 _aExcursión
_xJuegos
_2LEMB
_967514
650 0 7 _aExperiencia
_xJuegos
_2lemb
_967515
650 0 7 _aJuegos
_2lemb
650 0 7 _aOcio
_xJuegos
_2lemb
_967516
700 _aGonzález, Maria del Mar,
_eaut
_967517
700 _aMazón, Victor,
_eaut
_967518
700 _aReal, Amelia,
_eaut
_967519
700 _aSantamaría, Jesús Eduardo,
_eill
_967520
700 _aSarabia, Diego,
_eaut
_967521
700 _aUriel, José Ramón,
_eaut
_967522
942 _2ddc
_cBK
999 _c60014
_d60014